[Event "New Zealand Championship 2023"]
[Site "Wellington"]
[Date "2023.01.07"]
[Round "6.19"]
[White "Wang, Justin Zhide"]
[Black "Zhang, Kendrick Botong"]
[Result "1/2-1/2"]
[WhiteElo "1875"]
[BlackElo "2071"]

1. d4 Nf6 2. Bf4 g6 3. e3 Bg7 4. Nf3 O-O 5. Nbd2 d5 6. Bd3 c5 7. c3 cxd4 8.
cxd4 Nc6 9. a3 Nh5 10. Bg3 Nxg3 11. hxg3 e5 12. dxe5 Nxe5 13. Nxe5 Bxe5 14. Qb3
Be6 15. Qb5 Qf6 16. Rb1 Qe7 17. Nf3 Bg7 18. O-O Rac8 19. Rfc1 b6 20. b4 Rxc1+
21. Rxc1 Bb2 22. Rb1 Qc7 23. Qa4 Qc3 24. Qc2 Qxc2 25. Bxc2 Bf6 26. Nd4 Rc8 27.
Bb3 a6 28. Kf1 Kf8 29. Ke2 Ke7 30. Kd2 Kd6 31. Nxe6 fxe6 32. Rc1 Rf8 33. Rc2
Be5 34. Kd3 b5 35. f4 Bf6 36. e4 Bd8 37. Rc8 Be7 38. Rxf8 dxe4+ 39. Kxe4 Bxf8
40. a4 Kd7 41. axb5 axb5 42. g4 Bxb4 43. f5 exf5+ 44. gxf5 Ke7 45. fxg6 hxg6
46. g4 Kd6 47. Bd1 Kc5 48. Kd3 Be1 49. Kc2 Kc4 50. Be2+ Kb4 51. Bd3 g5 52. Kb2
Bc3+ 53. Kb1 Ka4 54. Bc2+ Ka3 55. Bf5 b4 56. Bg6 Bd4 57. Bf5 b3 58. Be6 Be3 59.
Bf5 b2 60. Be6 1/2-1/2

[Event "New Zealand Championship 2023"]
[Site "Wellington"]
[Date "2023.01.07"]
[Round "6.20"]
[White "Wang, Aaron Ziwen"]
[Black "Xing, Zerui"]
[Result "0-1"]
[WhiteElo "1945"]
[BlackElo "1596"]

1. c4 c5 2. Nc3 Nc6 3. g3 g6 4. Bg2 Bg7 5. Nf3 e5 6. d3 d6 7. O-O Nge7 8. Bd2
O-O 9. Qc1 f6 10. Bh6 Be6 11. Bxg7 Kxg7 12. Ne1 Rc8 13. Nc2 d5 14. cxd5 Nxd5
15. Ne3 Nxe3 16. fxe3 b6 17. Qd1 Nb4 18. a3 Nd5 19. Nxd5 Bxd5 20. Bxd5 Qxd5 21.
Qa4 Rc7 22. Rac1 Rfc8 23. Rc4 Qc6 24. Qxc6 Rxc6 25. Rfc1 b5 26. R4c3 Kf7 27. d4
c4 28. d5 Rc5 29. e4 Ke7 30. Rf3 a5 31. Kf1 b4 32. axb4 axb4 33. Ke1 Ra8 34.
Kd2 Ra2 35. Kc2 Ra6 36. g4 Rc7 37. h4 h6 38. Rd1 Rc8 39. Rdf1 Rca8 40. g5 hxg5
41. hxg5 fxg5 42. Rg1 Ra2 43. Rxg5 c3 44. Rxg6 Rxb2+ 45. Kd3 Rh8 46. Re6+ Kd8
47. Rd6+ Kc8 48. Rc6+ Kb8 49. Rb6+ Ka7 50. Rc6 Rh7 51. Rf1 Ra2 52. Kc4 Rb7 53.
Rc1 Ra3 54. d6 b3 55. Rc7 b2 56. Rb1 Ra1 57. Rxb7+ Kxb7 58. Kxc3 Rxb1 59. Kc2
Re1 0-1

[Event "New Zealand Championship 2023"]
[Site "Wellington"]
[Date "2023.01.07"]
[Round "6.21"]
[White "Metge, J Nigel"]
[Black "Davis, Johnathan"]
[Result "1-0"]
[WhiteElo "2146"]
[BlackElo "1940"]

1. d4 Nf6 2. c4 c5 3. d5 e6 4. Nc3 exd5 5. cxd5 d6 6. e4 g6 7. f4 Bg7 8. Bb5+
Nfd7 9. Bd3 O-O 10. Nf3 Na6 11. O-O Nc7 12. Re1 Re8 13. Bd2 Nb6 14. h3 c4 15.
Bf1 f5 16. a4 fxe4 17. Nxe4 Bf5 18. Nc3 a5 19. Be3 Na6 20. g4 Bd7 21. Bd4 Qc7
22. Bxg7 Kxg7 23. Qd4+ Kg8 24. Ne4 Rxe4 25. Rxe4 Qc5 26. Re7 Qxd4+ 27. Nxd4 1-0

[Event "New Zealand Championship 2023"]
[Site "Wellington"]
[Date "2023.01.08"]
[Round "7.1"]
[White "Shoker, Samy"]
[Black "Moradiabadi, Elshan"]
[Result "1/2-1/2"]
[WhiteElo "2491"]
[BlackElo "2514"]

1. g3 {[%clk 01:30:57] [%emt 00:00:03]} 1... d5 {[%clk 01:30:55] [%emt
00:00:05]} 2. Bg2 {[%clk 01:31:16] [%emt 00:00:11]} 2... c6 {[%clk 01:29:26]
[%emt 00:02:00]} 3. Nf3 {[%clk 01:30:59] [%emt 00:00:46]} 3... Nd7 {[%clk
01:28:46] [%emt 00:01:10]} 4. d3 {[%clk 01:28:45] [%emt 00:02:44]} 4... e5
{[%clk 01:29:11] [%emt 00:00:06]} 5. O-O {[%clk 01:28:40] [%emt 00:00:34]} 5...
Bd6 {[%clk 01:29:37] [%emt 00:00:04]} 6. e4 {[%clk 01:28:32] [%emt 00:00:38]}
6... Ne7 {[%clk 01:28:43] [%emt 00:01:24]} 7. exd5 {[%clk 01:23:07] [%emt
00:05:55]} 7... cxd5 {[%clk 01:28:35] [%emt 00:00:38]} 8. c4 {[%clk 01:23:29]
[%emt 00:00:08]} 8... d4 {[%clk 01:24:38] [%emt 00:04:27]} 9. Nbd2 {[%clk
01:20:39] [%emt 00:03:20]} 9... O-O {[%clk 01:20:15] [%emt 00:04:53]} 10. Ne4
{[%clk 01:17:49] [%emt 00:03:20]} 10... Bc7 {[%clk 01:20:43] [%emt 00:00:03]}
11. b4 {[%clk 01:17:52] [%emt 00:00:27]} 11... b6 {[%clk 01:13:48] [%emt
00:07:36]} 12. Re1 {[%clk 01:05:13] [%emt 00:12:56]} 12... Bb7 {[%clk 01:09:19]
[%emt 00:05:01]} 13. h4 {[%clk 00:52:15] [%emt 00:13:27]} 13... h6 {[%clk
01:04:08] [%emt 00:05:41]} 14. c5 {[%clk 00:36:57] [%emt 00:15:49]} 14... Bxe4
{[%clk 00:47:04] [%emt 00:17:34]} 15. Rxe4 {[%clk 00:37:08] [%emt 00:00:18]}
15... bxc5 {[%clk 00:47:27] [%emt 00:00:07]} 16. bxc5 {[%clk 00:36:40] [%emt
00:00:59]} 16... Nxc5 {[%clk 00:45:47] [%emt 00:02:10]} 17. Re1 {[%clk
00:34:41] [%emt 00:02:28]} 17... e4 {[%clk 00:41:43] [%emt 00:04:35]} 18. Ba3
{[%clk 00:28:57] [%emt 00:06:14]} 18... exf3 {[%clk 00:39:00] [%emt 00:03:13]}
19. Bxc5 {[%clk 00:21:15] [%emt 00:08:13]} 19... fxg2 {[%clk 00:36:28] [%emt
00:03:02]} 20. Bxe7 {[%clk 00:21:21] [%emt 00:00:23]} 20... Qd7 {[%clk
00:36:57]} 21. Kxg2 {[%clk 00:21:42] [%emt 00:00:10]} 21... Rfe8 {[%clk
00:37:24] [%emt 00:00:03]} 22. Qf3 {[%clk 00:22:01] [%emt 00:00:11]} 1/2-1/2

[Event "New Zealand Championship 2023"]
[Site "Wellington"]
[Date "2023.01.08"]
[Round "7.2"]
[White "Gong, Daniel Hanwen"]
[Black "Dive, Russell J"]
[Result "1-0"]
[WhiteElo "2388"]
[BlackElo "2350"]

1. d4 {[%clk 01:30:53] [%emt 00:00:07]} 1... Nf6 {[%clk 01:30:31] [%emt
00:00:29]} 2. c4 {[%clk 01:31:19] [%emt 00:00:05]} 2... e6 {[%clk 01:30:50]
[%emt 00:00:10]} 3. Nc3 {[%clk 01:31:26] [%emt 00:00:23]} 3... Bb4 {[%clk
01:31:11] [%emt 00:00:09]} 4. g3 {[%clk 01:31:12] [%emt 00:00:44]} 4... c5
{[%clk 01:26:47] [%emt 00:04:54]} 5. Nf3 {[%clk 01:31:34] [%emt 00:00:08]} 5...
cxd4 {[%clk 01:24:12] [%emt 00:03:06]} 6. Nxd4 {[%clk 01:31:12] [%emt
00:00:52]} 6... O-O {[%clk 01:24:04] [%emt 00:00:37]} 7. Bg2 {[%clk 01:29:56]
[%emt 00:01:47]} 7... d5 {[%clk 01:21:27] [%emt 00:03:07]} 8. cxd5 {[%clk
01:29:11] [%emt 00:01:15]} 8... Nxd5 {[%clk 01:21:48] [%emt 00:00:17]} 9. Bd2
{[%clk 01:29:32]} 9... Nxc3 {[%clk 01:20:28] [%emt 00:01:51]} 10. bxc3 {[%clk
01:27:45] [%emt 00:02:17]} 10... Be7 {[%clk 01:13:57] [%emt 00:07:00]} 11. O-O
{[%clk 01:27:46] [%emt 00:00:29]} 11... e5 {[%clk 01:13:10] [%emt 00:01:20]}
12. Nb3 {[%clk 01:25:24] [%emt 00:02:49]} 12... Nc6 {[%clk 01:08:32] [%emt
00:05:07]} 13. Be3 {[%clk 01:17:34] [%emt 00:08:21]} 13... Qc7 {[%clk 00:58:54]
[%emt 00:10:07]} 14. Qc2 {[%clk 01:12:14] [%emt 00:05:51]} 14... Bg4 {[%clk
00:39:14] [%emt 00:20:10]} 15. a4 {[%clk 00:57:11] [%emt 00:15:33]} 15... Rac8
{[%clk 00:36:57] [%emt 00:02:46]} 16. Qb2 {[%clk 00:48:21] [%emt 00:09:21]}
16... b6 {[%clk 00:33:27] [%emt 00:04:00]} 17. a5 {[%clk 00:43:49] [%emt
00:05:10]} 17... Nb8 {[%clk 00:30:58] [%emt 00:02:51]} 18. axb6 {[%clk
00:43:19] [%emt 00:01:00]} 18... axb6 {[%clk 00:31:26] [%emt 00:00:02]} 19.
Rfc1 {[%clk 00:42:53] [%emt 00:01:20]} 19... Nd7 {[%clk 00:31:26] [%emt
00:00:07]} 20. Ra4 {[%clk 00:39:58] [%emt 00:03:25]} 20... Be6 {[%clk 00:30:16]
[%emt 00:01:39]} 21. c4 {[%clk 00:39:23] [%emt 00:01:05]} 21... f5 {[%clk
00:27:52] [%emt 00:02:54]} 22. Qa1 {[%clk 00:29:30] [%emt 00:10:23]} 22... Qd8
{[%clk 00:18:11] [%emt 00:10:11]} 23. Bb7 {[%clk 00:24:31] [%emt 00:05:30]}
23... Rb8 {[%clk 00:16:09] [%emt 00:02:31]} 24. Bd5 {[%clk 00:22:46] [%emt
00:02:14]} 24... Bxd5 {[%clk 00:14:13] [%emt 00:02:27]} 25. cxd5 {[%clk
00:23:03] [%emt 00:00:13]} 25... Bd6 {[%clk 00:05:57] [%emt 00:08:46]} 26. Rc6
{[%clk 00:20:09] [%emt 00:03:24]} 26... Qe7 {[%clk 00:04:53] [%emt 00:01:33]}
27. Bg5 {[%clk 00:19:00] [%emt 00:01:39]} 27... Qxg5 {[%clk 00:03:12] [%emt
00:02:12]} 28. Rxd6 {[%clk 00:19:28] [%emt 00:00:03]} 28... Qe7 {[%clk
00:00:37] [%emt 00:03:04]} 29. Re6 {[%clk 00:19:53] [%emt 00:00:05]} 29... Qd8
{[%clk 00:00:38] [%emt 00:00:28]} 30. Ra7 {[%clk 00:19:16] [%emt 00:01:08]}
30... Rf7 {[%clk 00:00:33] [%emt 00:00:35]} 31. Qa4 {[%clk 00:14:44] [%emt
00:05:02]} 31... b5 {[%clk 00:00:52] [%emt 00:00:11]} 32. Qa6 {[%clk 00:15:03]
[%emt 00:00:11]} 32... Nb6 {[%clk 00:00:34] [%emt 00:00:48]} 33. Rxf7 {[%clk
00:14:19] [%emt 00:01:14]} 33... Kxf7 {[%clk 00:01:02] [%emt 00:00:02]} 34.
Qa7+ {[%clk 00:14:43] [%emt 00:00:08]} 34... Kf8 {[%clk 00:00:34] [%emt
00:00:57]} 35. Nc5 {[%clk 00:14:33] [%emt 00:00:39]} 35... Nxd5 {[%clk
00:00:32] [%emt 00:00:32]} 36. Rxe5 {[%clk 00:13:19] [%emt 00:01:44]} 36... Kg8
{[%clk 00:00:31] [%emt 00:00:31]} 37. Rxd5 {[%clk 00:13:27] [%emt 00:00:22]}
1-0

[Event "New Zealand Championship 2023"]
[Site "Wellington"]
[Date "2023.01.08"]
[Round "7.3"]
[White "Hague, Ben"]
[Black "Smith, Robert W"]
[Result "1/2-1/2"]
[WhiteElo "2494"]
[BlackElo "2283"]

1. d4 {[%clk 01:30:57] [%emt 00:00:03]} 1... Nf6 {[%clk 01:30:40] [%emt
00:00:21]} 2. Bg5 {[%clk 01:31:21] [%emt 00:00:05]} 2... c5 {[%clk 01:30:40]
[%emt 00:00:30]} 3. Bxf6 {[%clk 01:31:05] [%emt 00:00:46]} 3... exf6 {[%clk
01:30:54] [%emt 00:00:17]} 4. dxc5 {[%clk 01:27:57] [%emt 00:03:38]} 4... Bxc5
{[%clk 01:29:48] [%emt 00:01:35]} 5. e3 {[%clk 01:27:35] [%emt 00:00:52]} 5...
d5 {[%clk 01:29:05] [%emt 00:01:13]} 6. c3 {[%clk 01:20:31] [%emt 00:07:35]}
6... Nc6 {[%clk 01:26:39] [%emt 00:02:57]} 7. Nf3 {[%clk 01:19:45] [%emt
00:01:15]} 7... Bg4 {[%clk 01:19:25] [%emt 00:07:43]} 8. Be2 {[%clk 01:18:35]
[%emt 00:01:40]} 8... O-O {[%clk 01:19:23] [%emt 00:00:32]} 9. O-O {[%clk
01:18:10] [%emt 00:00:54]} 9... Qd7 {[%clk 01:11:40] [%emt 00:08:15]} 10. Nbd2
{[%clk 01:17:28] [%emt 00:01:11]} 10... Rad8 {[%clk 01:11:55] [%emt 00:00:16]}
11. Nb3 {[%clk 01:07:18] [%emt 00:10:39]} 11... Bd6 {[%clk 01:11:48] [%emt
00:00:37]} 12. Nfd4 {[%clk 01:06:26] [%emt 00:01:22]} 12... Be6 {[%clk
01:10:21] [%emt 00:01:56]} 13. Qc2 {[%clk 01:02:13] [%emt 00:04:44]} 13... Bb8
{[%clk 01:07:09] [%emt 00:03:42]} 14. Rfd1 {[%clk 00:56:01] [%emt 00:06:42]}
14... Qc7 {[%clk 01:01:54] [%emt 00:05:45]} 15. g3 {[%clk 00:55:13] [%emt
00:01:19]} 15... Ne5 {[%clk 01:00:06] [%emt 00:02:17]} 16. Nd2 {[%clk 00:49:18]
[%emt 00:06:24]} 16... a6 {[%clk 00:56:08] [%emt 00:04:29]} 17. N2f3 {[%clk
00:44:27] [%emt 00:05:21]} 17... Rfe8 {[%clk 00:50:42] [%emt 00:05:57]} 18. Bf1
{[%clk 00:42:03] [%emt 00:02:51]} 18... g6 {[%clk 00:48:36] [%emt 00:02:38]}
19. Bg2 {[%clk 00:42:04] [%emt 00:00:29]} 19... Kg7 {[%clk 00:41:40] [%emt
00:07:26]} 20. Re1 {[%clk 00:31:26] [%emt 00:11:08]} 20... Ba7 {[%clk 00:38:00]
[%emt 00:04:10]} 21. Rad1 {[%clk 00:31:15] [%emt 00:00:40]} 21... Bg4 {[%clk
00:31:39] [%emt 00:06:51]} 22. h3 {[%clk 00:26:11] [%emt 00:05:35]} 22... Nxf3+
{[%clk 00:31:41] [%emt 00:00:29]} 23. Nxf3 {[%clk 00:26:21] [%emt 00:00:19]}
23... Bxf3 {[%clk 00:32:05] [%emt 00:00:08]} 24. Bxf3 {[%clk 00:26:42] [%emt
00:00:08]} 24... d4 {[%clk 00:32:22] [%emt 00:00:14]} 25. exd4 {[%clk 00:24:18]
[%emt 00:02:54]} 25... Rxe1+ {[%clk 00:32:35] [%emt 00:00:17]} 26. Rxe1 {[%clk
00:24:40] [%emt 00:00:08]} 26... Bxd4 {[%clk 00:32:25] [%emt 00:00:39]} 27. Kg2
{[%clk 00:24:26] [%emt 00:00:43]} 27... Bc5 {[%clk 00:30:18] [%emt 00:02:37]}
28. Re2 {[%clk 00:23:36] [%emt 00:01:21]} 28... a5 {[%clk 00:26:24] [%emt
00:04:25]} 29. b4 {[%clk 00:19:46] [%emt 00:04:19]} 29... Bd6 {[%clk 00:25:28]
[%emt 00:01:27]} 30. bxa5 {[%clk 00:19:03] [%emt 00:01:12]} 30... Ra8 {[%clk
00:22:19] [%emt 00:03:38]} 31. Qb3 {[%clk 00:14:08] [%emt 00:05:26]} 31... Rxa5
{[%clk 00:22:37] [%emt 00:00:12]} 32. c4 {[%clk 00:13:42] [%emt 00:00:56]}
32... b6 {[%clk 00:19:55] [%emt 00:03:12]} 33. Rd2 {[%clk 00:12:51] [%emt
00:01:21]} 33... Re5 {[%clk 00:17:25] [%emt 00:03:00]} 34. a4 {[%clk 00:11:26]
[%emt 00:01:55]} 34... Bc5 {[%clk 00:16:21] [%emt 00:01:34]} 35. Qd3 {[%clk
00:09:35] [%emt 00:02:20]} 35... Re7 {[%clk 00:13:37] [%emt 00:03:14]} 36. Qd5
{[%clk 00:08:34] [%emt 00:01:31]} 36... Qe5 {[%clk 00:11:34] [%emt 00:02:33]}
37. Re2 {[%clk 00:03:03] [%emt 00:06:02]} 37... Qxd5 {[%clk 00:11:57] [%emt
00:00:07]} 38. cxd5 {[%clk 00:03:28] [%emt 00:00:04]} 38... Rxe2 {[%clk
00:12:18] [%emt 00:00:09]} 39. Bxe2 {[%clk 00:03:55] [%emt 00:00:03]} 39... Kf8
{[%clk 00:12:28] [%emt 00:00:20]} 40. Bb5 {[%clk 00:34:16] [%emt 00:00:09]}
40... f5 {[%clk 00:39:18] [%emt 00:03:40]} 1/2-1/2

[Event "New Zealand Championship 2023"]
[Site "Wellington"]
[Date "2023.01.08"]
[Round "7.4"]
[White "Croad, Nicolas"]
[Black "Cilia Vincenti, David"]
[Result "1-0"]
[WhiteElo "2442"]
[BlackElo "2136"]

1. e4 {[%clk 01:30:58] [%emt 00:00:02]} 1... c5 {[%clk 01:30:54] [%emt
00:00:07]} 2. Nf3 {[%clk 01:31:23] [%emt 00:00:05]} 2... e6 {[%clk 01:31:17]
[%emt 00:00:07]} 3. g3 {[%clk 01:31:48] [%emt 00:00:05]} 3... Nc6 {[%clk
01:31:15] [%emt 00:00:32]} 4. Bg2 {[%clk 01:32:12] [%emt 00:00:06]} 4... d5
{[%clk 01:31:40] [%emt 00:00:05]} 5. exd5 {[%clk 01:32:20] [%emt 00:00:22]}
5... exd5 {[%clk 01:31:44] [%emt 00:00:26]} 6. O-O {[%clk 01:32:42] [%emt
00:00:09]} 6... Nf6 {[%clk 01:30:48] [%emt 00:01:25]} 7. d4 {[%clk 01:32:53]
[%emt 00:00:19]} 7... cxd4 {[%clk 01:28:38] [%emt 00:02:40]} 8. Nxd4 {[%clk
01:31:19] [%emt 00:02:05]} 8... Be7 {[%clk 01:24:08] [%emt 00:05:00]} 9. c4
{[%clk 01:27:25] [%emt 00:04:38]} 9... O-O {[%clk 01:23:24] [%emt 00:01:00]}
10. Nc3 {[%clk 01:21:33] [%emt 00:06:22]} 10... Nxd4 {[%clk 01:22:28] [%emt
00:01:26]} 11. Qxd4 {[%clk 01:21:55] [%emt 00:00:08]} 11... dxc4 {[%clk
01:22:46] [%emt 00:00:12]} 12. Qxc4 {[%clk 01:22:09] [%emt 00:00:17]} 12... Be6
{[%clk 01:15:57] [%emt 00:07:19]} 13. Qb5 {[%clk 01:18:29] [%emt 00:04:09]}
13... Qd7 {[%clk 01:07:53] [%emt 00:08:34]} 14. Qxd7 {[%clk 01:17:29] [%emt
00:01:30]} 14... Nxd7 {[%clk 01:08:04] [%emt 00:00:20]} 15. Bxb7 {[%clk
01:17:01] [%emt 00:00:57]} 15... Rab8 {[%clk 01:08:21] [%emt 00:00:13]} 16. Bd5
{[%clk 01:01:35] [%emt 00:16:04]} 16... Bf6 {[%clk 01:07:01] [%emt 00:01:40]}
17. Rd1 {[%clk 00:55:21] [%emt 00:06:46]} 17... Nc5 {[%clk 01:03:00] [%emt
00:04:31]} 18. Be3 {[%clk 00:53:51] [%emt 00:02:00]} 18... Rfc8 {[%clk
00:58:05] [%emt 00:05:25]} 19. Bxc5 {[%clk 00:50:45] [%emt 00:03:36]} 19...
Rxc5 {[%clk 00:57:56] [%emt 00:00:39]} 20. Bxe6 {[%clk 00:50:54] [%emt
00:00:21]} 20... fxe6 {[%clk 00:56:41] [%emt 00:01:45]} 21. Ne4 {[%clk
00:51:01] [%emt 00:00:23]} 21... Rc2 {[%clk 00:56:55] [%emt 00:00:42]} 22.
Nxf6+ {[%clk 00:51:24]} 22... gxf6 {[%clk 00:57:23]} 23. b3 {[%clk 00:50:51]
[%emt 00:00:46]} 23... Rb7 {[%clk 00:48:50] [%emt 00:09:03]} 24. Rd6 {[%clk
00:50:03] [%emt 00:01:18]} 24... Kf7 {[%clk 00:48:30] [%emt 00:00:50]} 25. Ra6
{[%clk 00:50:08] [%emt 00:00:34]} 25... Rd7 {[%clk 00:46:14] [%emt 00:02:38]}
26. a3 {[%clk 00:49:00] [%emt 00:01:38]} 26... Rdd2 {[%clk 00:45:07] [%emt
00:01:37]} 27. Rxa7+ {[%clk 00:49:18] [%emt 00:00:11]} 27... Kg6 {[%clk
00:45:36] [%emt 00:00:01]} 28. Rf1 {[%clk 00:49:38] [%emt 00:00:10]} 28... e5
{[%clk 00:45:55] [%emt 00:00:11]} 29. b4 {[%clk 00:43:33] [%emt 00:06:36]}
29... e4 {[%clk 00:45:20] [%emt 00:01:04]} 30. b5 {[%clk 00:43:08] [%emt
00:00:55]} 30... Rb2 {[%clk 00:36:33] [%emt 00:09:17]} 31. a4 {[%clk 00:36:02]
[%emt 00:07:36]} 31... h5 {[%clk 00:35:19] [%emt 00:01:43]} 32. Re7 {[%clk
00:28:14] [%emt 00:08:18]} 32... Rd4 {[%clk 00:33:21] [%emt 00:02:27]} 33. Ra1
{[%clk 00:21:16] [%emt 00:07:29]} 33... Rdd2 {[%clk 00:32:53] [%emt 00:00:58]}
34. Rxe4 {[%clk 00:21:33] [%emt 00:00:13]} 34... Rxf2 {[%clk 00:33:10] [%emt
00:00:13]} 35. Rh4 {[%clk 00:21:59] [%emt 00:00:04]} 35... Rg2+ {[%clk
00:28:09] [%emt 00:05:31]} 36. Kh1 {[%clk 00:22:08] [%emt 00:00:21]} 36... Rgc2
{[%clk 00:28:05] [%emt 00:00:33]} 37. a5 {[%clk 00:17:01] [%emt 00:05:39]}
37... Rxb5 {[%clk 00:26:17] [%emt 00:02:18]} 38. a6 {[%clk 00:17:25] [%emt
00:00:05]} 38... Rc8 {[%clk 00:21:33] [%emt 00:05:14]} 39. a7 {[%clk 00:17:49]
[%emt 00:00:07]} 39... Ra8 {[%clk 00:21:58] [%emt 00:00:05]} 40. Ra6 {[%clk
00:47:59] [%emt 00:00:19]} 40... Rb7 {[%clk 00:50:53] [%emt 00:01:34]} 41. Rha4
{[%clk 00:48:24] [%emt 00:00:07]} 41... Re7 {[%clk 00:50:10] [%emt 00:01:12]}
42. Kg2 {[%clk 00:48:35] [%emt 00:00:19]} 42... Rd7 {[%clk 00:46:45] [%emt
00:03:55]} 43. Kf3 {[%clk 00:48:11] [%emt 00:00:55]} 43... Re7 {[%clk 00:46:59]
[%emt 00:00:16]} 44. Kf4 {[%clk 00:47:49] [%emt 00:00:52]} 44... Rd7 {[%clk
00:47:08] [%emt 00:00:21]} 45. R4a5 {[%clk 00:48:05] [%emt 00:00:15]} 45...
Rd4+ {[%clk 00:46:32] [%emt 00:01:05]} 46. Ke3 {[%clk 00:47:42] [%emt
00:00:53]} 46... Rd7 {[%clk 00:46:54] [%emt 00:00:07]} 47. Ra4 {[%clk 00:41:15]
[%emt 00:06:57]} 47... Re8+ {[%clk 00:45:29] [%emt 00:01:54]} 48. Kf4 {[%clk
00:41:27] [%emt 00:00:18]} 48... Ra8 {[%clk 00:45:43] [%emt 00:00:16]} 49. Kf3
{[%clk 00:41:41] [%emt 00:00:17]} 49... Rd3+ {[%clk 00:45:19] [%emt 00:00:54]}
50. Kg2 {[%clk 00:41:55] [%emt 00:00:16]} 50... Rd7 {[%clk 00:45:42] [%emt
00:00:07]} 51. Kh3 {[%clk 00:42:15] [%emt 00:00:10]} 51... Re7 {[%clk 00:44:04]
[%emt 00:02:08]} 52. Kh4 {[%clk 00:39:26] [%emt 00:03:20]} 52... Re2 {[%clk
00:41:22] [%emt 00:03:11]} 53. g4 {[%clk 00:34:55] [%emt 00:05:01]} 53... hxg4
{[%clk 00:40:42] [%emt 00:01:09]} 54. Rf4 {[%clk 00:30:18] [%emt 00:05:07]}
54... Rxh2+ {[%clk 00:37:52] [%emt 00:03:20]} 55. Kxg4 {[%clk 00:28:33] [%emt
00:02:15]} 55... Rg2+ {[%clk 00:35:31] [%emt 00:02:50]} 56. Kf3 {[%clk
00:28:35] [%emt 00:00:28]} 56... Rb2 {[%clk 00:35:17] [%emt 00:00:44]} 57.
Raxf6+ {[%clk 00:28:37] [%emt 00:00:28]} 57... Kg7 {[%clk 00:35:21] [%emt
00:00:26]} 58. Rf7+ {[%clk 00:29:01] [%emt 00:00:06]} 58... Kg6 {[%clk
00:35:26] [%emt 00:00:24]} 59. R4f6+ {[%clk 00:27:08] [%emt 00:02:23]} 59...
Kg5 {[%clk 00:35:35] [%emt 00:00:21]} 60. Ra6 {[%clk 00:26:22] [%emt 00:01:16]}
60... Rd2 {[%clk 00:27:32] [%emt 00:08:34]} 61. Rg7+ {[%clk 00:18:27] [%emt
00:08:25]} 61... Kf5 {[%clk 00:27:29] [%emt 00:00:32]} 62. Rb7 {[%clk 00:18:52]
[%emt 00:00:05]} 62... Rd3+ {[%clk 00:27:25] [%emt 00:00:34]} 63. Ke2 {[%clk
00:18:39] [%emt 00:00:43]} 63... Rdd8 {[%clk 00:27:39] [%emt 00:00:16]} 64.
Rb5+ {[%clk 00:18:44] [%emt 00:00:26]} 64... Kf4 {[%clk 00:27:04] [%emt
00:01:04]} 65. Ra4+ {[%clk 00:18:52] [%emt 00:00:22]} 65... Kg3 {[%clk
00:27:18] [%emt 00:00:02]} 66. Rb3+ {[%clk 00:18:46] [%emt 00:00:51]} 66... Kg2
{[%clk 00:27:37] [%emt 00:00:10]} 67. Rg4+ {[%clk 00:19:01] [%emt 00:00:15]}
67... Kh2 {[%clk 00:27:47] [%emt 00:00:20]} 68. Rg7 {[%clk 00:18:42] [%emt
00:00:49]} 68... Re8+ {[%clk 00:27:39] [%emt 00:00:37]} 69. Kf2 {[%clk
00:17:02] [%emt 00:02:10]} 69... Rf8+ {[%clk 00:27:22] [%emt 00:00:48]} 70. Rf3
{[%clk 00:17:26] [%emt 00:00:06]} 70... Rh8 {[%clk 00:27:32] [%emt 00:00:20]}
71. Rff7 {[%clk 00:16:55] [%emt 00:01:00]} 71... Kh3 {[%clk 00:24:52] [%emt
00:03:10]} 72. Rh7+ {[%clk 00:17:08] [%emt 00:00:17]} 72... Kg4 {[%clk
00:22:29] [%emt 00:02:54]} 73. Rxh8 {[%clk 00:17:32] [%emt 00:00:05]} 73...
Rxh8 {[%clk 00:22:57] [%emt 00:00:02]} 74. Ke3 {[%clk 00:17:55] [%emt
00:00:07]} 74... Rd8 {[%clk 00:22:20] [%emt 00:01:07]} 75. Rb7 {[%clk 00:18:10]
[%emt 00:00:15]} 75... Ra8 {[%clk 00:22:44] [%emt 00:00:07]} 76. Kd4 {[%clk
00:18:12]} 1-0